Giai thoại làng nho
保存先:
| 第一著者: | |
|---|---|
| フォーマット: | 図書 |
| 言語: | Undetermined |
| 出版事項: |
Văn học
2001
|
| タグ: |
タグ追加
タグなし, このレコードへの初めてのタグを付けませんか!
|
| Thư viện lưu trữ: | Trung tâm Học liệu Trường Đại học Cần Thơ |
|---|
| LEADER | 00381nam a2200145Ia 4500 | ||
|---|---|---|---|
| 001 | CTU_48607 | ||
| 008 | 210402s9999 xx 000 0 und d | ||
| 082 | |a 398.209597 | ||
| 082 | |b L106 | ||
| 100 | |a LÃNG NHÂN | ||
| 245 | 0 | |a Giai thoại làng nho | |
| 245 | 0 | |c LÃNG NHÂN | |
| 260 | |b Văn học | ||
| 260 | |c 2001 | ||
| 980 | |a Trung tâm Học liệu Trường Đại học Cần Thơ | ||